000 01025nas a2200361 4500
001 BR0604490
003 BR-BrBNA
005 20231205110426.0
007 ta
008 230509b bl.|||p| |||| 00| 00por d
040 _aBR-BrBNA
_bpor
_cBiblioteca Nacional de Agricultura
041 _a(Pt)
072 _aL73
100 1 _aAmorim, S.L.
100 1 _aOliveira, A.C.P. de
100 1 _aRiet-Correa, F.
100 1 _aSimões, S.V.D.
100 1 _aMedeiros, R.M.T.
100 1 _aClementino, I.J.
245 1 _aDistrofia muscular nutricional em ovinos na Paraíba
650 _aOVINO
650 _aDISTROFIA MUSCULAR
650 _aDOENÇA ANIMAL
650 _aNECROSE ANIMAL
650 _aVITAMINA E
650 _aSELÊNIO
650 _aEPIDEMIA
650 _aDEFICIÊNCIA NUTRICIONAL
650 _aPARAÍBA
773 0 _tPesquisa Veterinária Brasileira (Brazil)
_xISSN 0100-736X
_g(Apr-Jun 2005), v. 25(2) p. 120-124
_wBR0604490
909 _a202311
_bLúcia
_c55
_dLúcia Elande
942 _2AGRIS
_n0
_cANA
999 _c187347
_d187347